000 00520nam a2200205Ia 4500
005 20260429112127.0
008 260429s9999||||xx |||||||||||||| ||und||
020 _a9789362785084
041 _aEnglish
082 _a901.0954
_bPAT
100 _aPatel, Maitreya
245 0 _aIndian cultural knowledge systems /
_cMaitreya Patel
250 _a1st ed.
260 _aDelhi :
_bPeridot,
_c2024.
300 _avi, 233 p.; hb
650 _a India
650 _a Knowledge systems
650 _aCulture
942 _cTB
999 _c52490
_d52490